000 00806nam a2200229 a 4500
001 BRCA_196
005 20190320202922.0
008 850516s1984 mx-a---##b---f000-0#spa-#
020 _a968290322X
041 _aspa
044 _amx
050 4 _aND259.G4
_b.G43 1984
245 1 0 _aGermán Gedovius
_buna generación entre dos siglos : del porfiriato a la posrevolución.
260 _aMéxico
_bINBA : SEP : Cultura
_e[1984]
300 _a83 p.
_bil. (algunas a color)
_c27 cm.
500 _aTítulo de cubierta: Germán Gedovius, 1867-1937.
500 _aIncluye catálogo de objetos complementarios de la exhibición
504 _aBibliografía: p. 75-76.
650 1 4 _aGedovius, Germán, 1867-1937
_eExposiciones
_vCatálogos
_9712
650 1 4 _aMuseo Nacional de Arte
_zMéxico
_9713
942 _2lcc
_cB
999 _c165
_d165